Merged Movies Quiz Stats

Quiz Updated Apr 3, 2013

Challenge
Share
Tweet
Score 0/30 Timer 07:00
5 Plays Today
Movie % Correct
Harry Potter and the Sorcerer's Stone
97.2%
The Karate Kid
93.3%
Kill Bill
91%
Iron Man
84.7%
Lara Croft: Tomb Raider
79.6%
Pulp Fiction
79%
Home Alone
79%
Napoleon Dynamite
75.8%
Back to the Future
73.9%
TRON
72.2%
There's Something About Mary
72.2%
Indiana Jones and the Temple of Doom
70.6%
Saturday Night Fever
70.5%
The Green Mile
68%
Die Hard
67.1%
Movie % Correct
Wild Wild West
67%
The Shining
66.7%
Conan the Barbarian
65.4%
RoboCop
64.3%
The 40 Year Old Virgin
63%
Terminator 2
60.1%
Valkyrie
52.5%
Tootsie
51.6%
Memoirs of a Geisha
50.5%
Popeye
48.7%
Ace Ventura: Pet Detective
43.2%
Roxanne
39.2%
Interview with the Vampire
38.7%
Spartacus
27.8%
I.Q.
14.8%

You're not logged in!

Compare scores with friends on all Sporcle quizzes.
Join for Free
OR
Log In

You Might Also Like...

Show Comments

Extras

Top Quizzes Today


Score Distribution

Your Account Isn't Verified!

In order to create a playlist on Sporcle, you need to verify the email address you used during registration. Go to your Sporcle Settings to finish the process.

Report this User

Report this user for behavior that violates our Community Guidelines.

Details: